<?xml version="1.0" encoding="UTF-8"?>
<record
    xmlns:xsi="http://www.w3.org/2001/XMLSchema-instance"
    xsi:schemaLocation="http://www.loc.gov/MARC21/slim http://www.loc.gov/standards/marcxml/schema/MARC21slim.xsd"
    xmlns="http://www.loc.gov/MARC21/slim">

  <leader>00751nam a2200217   4500</leader>
  <controlfield tag="001">114568</controlfield>
  <controlfield tag="003">DR-UNIBE</controlfield>
  <controlfield tag="005">20260410110204.0</controlfield>
  <controlfield tag="008">260410b2025    dr ||||| |||| 00| 0 spa d</controlfield>
  <datafield tag="040" ind1=" " ind2=" ">
    <subfield code="a">BIBLIOTECA UNIBE</subfield>
    <subfield code="b">spa</subfield>
    <subfield code="c">BIBLIOTECA UNIBE</subfield>
    <subfield code="e">RDA</subfield>
  </datafield>
  <datafield tag="041" ind1=" " ind2=" ">
    <subfield code="a">spa</subfield>
  </datafield>
  <datafield tag="090" ind1=" " ind2=" ">
    <subfield code="a">FBIU-DRP NF D771t</subfield>
  </datafield>
  <datafield tag="110" ind1="1" ind2="0">
    <subfield code="a">Dream Project</subfield>
    <subfield code="9">204165</subfield>
    <subfield code="e">autor</subfield>
  </datafield>
  <datafield tag="245" ind1="1" ind2="3">
    <subfield code="a">30 years annual report 2025</subfield>
  </datafield>
  <datafield tag="250" ind1=" " ind2=" ">
    <subfield code="a">Primera edici&#xF3;n</subfield>
  </datafield>
  <datafield tag="260" ind1=" " ind2=" ">
    <subfield code="a">Cabarete, Puerto Plata:</subfield>
    <subfield code="b">Dream Project,</subfield>
    <subfield code="c">2025</subfield>
  </datafield>
  <datafield tag="653" ind1="0" ind2="7">
    <subfield code="a">Alfabetizaci&#xF3;n - Cabarete, Puerto Plata - Rep&#xFA;blica Dominicana</subfield>
  </datafield>
  <datafield tag="653" ind1="0" ind2="7">
    <subfield code="a">Educaci&#xF3;n infantil - Cabarete, Puerto Plata - Rep&#xFA;blica Dominicana</subfield>
  </datafield>
  <datafield tag="653" ind1="0" ind2="7">
    <subfield code="a">Asistencia social - Cabarete, Puerto Plata - Rep&#xFA;blica Dominicana</subfield>
  </datafield>
  <datafield tag="942" ind1=" " ind2=" ">
    <subfield code="2">ddc</subfield>
    <subfield code="c">BK</subfield>
  </datafield>
  <datafield tag="999" ind1=" " ind2=" ">
    <subfield code="c">114568</subfield>
    <subfield code="d">114568</subfield>
  </datafield>
  <datafield tag="952" ind1=" " ind2=" ">
    <subfield code="0">0</subfield>
    <subfield code="1">0</subfield>
    <subfield code="2">ddc</subfield>
    <subfield code="7">1</subfield>
    <subfield code="8">FBIU</subfield>
    <subfield code="a">Principal</subfield>
    <subfield code="d">2026-02-11</subfield>
    <subfield code="l">0</subfield>
    <subfield code="o">FBIU-DRP NF D771t</subfield>
    <subfield code="p">FBIU0932</subfield>
    <subfield code="r">2026-04-10 10:36:03</subfield>
    <subfield code="t">Ej. 1</subfield>
    <subfield code="w">2026-04-10</subfield>
    <subfield code="y">BK-RES</subfield>
  </datafield>
</record>
